Normal view MARC view
  • Forestry Commission Scotland

Entry Corporate Name

Number of records used in: 5

001 - CONTROL NUMBER

  • control field: 5586

003 - CONTROL NUMBER IDENTIFIER

  • control field: SIRSI

005 - DATE AND TIME OF LATEST TRANSACTION

  • control field: 20190806150244.0

008 - FIXED-LENGTH DATA ELEMENTS

  • fixed length control field: 080801n| acannaabn |n ana d

040 ## - CATALOGING SOURCE

  • Original cataloging agency: OSt
  • Transcribing agency: OSt

110 2# - HEADING--CORPORATE NAME

  • Corporate name or jurisdiction name as entry element: Forestry Commission Scotland

670 ## - SOURCE DATA FOUND

  • Source citation: Discussion paper on woodland expansion in Scotland, 2008